000 01173nam0a22003011 4500
001 rc\2116764
005 20260406135256.0
035 _a(NLR Aleph) 006533487
090 _a6559116
_c6559116
100 _a20110826d1978 |||y0rusy50 ca
101 0 _arus
102 _aRU
105 _ay z |||||
200 1 _aАгротехнические приемы повышения качества зерна
_e(Сб. статей)
_fВАСХНИЛ, ВНИИ кукурузы
_g[Редкол.: Г.Р. Пикуш (гл. ред.) и др.]
210 _aДнепропетровск
_cВНИИ кукурузы
_d1978
215 _a128 с.
_d22
606 _aЗерновые культуры
_xВозделывание
_jСборники
_2psbo
606 _aЗерно
_xКачество
_jСборники
_2psbo
686 _aП212-476я43
_2rubbk
702 1 _aПикуш
_bГ.Р.
_4340
712 0 2 _aВНИИ кукурузы
_cДнепропетровск
_3RU\NLR\AUTH\889918243
_9332606
801 0 _aRU
_bNLR
_gpsbo
801 1 _aRU
_bELAR
_2rusmarc
852 _aNLR
_j79-5/2856
899 _aRuMoRGB
_jБ 79-12/339
899 _aRuMoRGB
_jБ 79-12/340
942 _cBOOK
980 _aNB